LIBRARY & INFORMATION CENTRE, KCAET, TAVANUR

ONLINE PUBLIC ACCESS CATALOGUE (OPAC)

Chemistry of insecticides and fungicides / (Record no. 1908)

MARC details
000 -LEADER
fixed length control field 00703cam a2200277ua 4500
020 ## - INTERNATIONAL STANDARD BOOK NUMBER
ISBN 81-204-0029-1
041 ## - LANGUAGE CODE
Language code of text/sound track or separate title eng
082 ## - DEWEY DECIMAL CLASSIFICATION NUMBER
Classification number 632.951
Item number SRE/CH
100 ## - MAIN ENTRY--AUTHOR NAME
Personal name Sreeramulu, U.S .
245 ## - TITLE STATEMENT
Title Chemistry of insecticides and fungicides /
250 ## - EDITION STATEMENT
Edition statement 2 /
260 ## - PUBLICATION, DISTRIBUTION, ETC. (IMPRINT)
Place of publication New Delhi :
Name of publisher Oxford & IBH Publishing company ,
Year of publication 1985.
300 ## - PHYSICAL DESCRIPTION
Number of Pages 344 ; .
942 ## - ADDED ENTRY ELEMENTS (KOHA)
Koha item type Books
Holdings
Withdrawn status Lost status Damaged status Home library Current library Date acquired Full call number Accession Number Koha item type
      KAUAET KAUAET 31/03/1986 632.951 15303 Books
      KAUAET KAUAET 02/09/1986 632.951 15590 Books
      KAUAET KAUAET 31/03/1986 632.951 15302 Books
      KAUAET KAUAET 31/03/1986 632.951 15300 Books
      KAUAET KAUAET 07/04/2012 632.951 19091 Books
      KAUAET KAUAET 07/04/2012 632.951 19092 Books
      KAUAET KAUAET 07/04/2012 632.951 19093 Books
      KAUAET KAUAET 31/03/1986 632.951 15299 Books
      KAUAET KAUAET 07/04/2012 632.951 20049 Books
      KAUAET KAUAET 01/10/2022 632.951 SRE/CH 15301 Books
free website counter